| 000 | 00656nam a22002177a 4500 | ||
|---|---|---|---|
| 003 | OSt | ||
| 005 | 20140310182826.0 | ||
| 008 | 130528t xxu||||| |||| 00| 0 eng d | ||
| 020 | _a9715060366 | ||
| 050 |
_aBX 3546 _b.D278 1996 |
||
| 082 |
_aFIL 271.20599 _bD339 1996 |
||
| 245 |
_aBeginnings of the Filipino Dominicans _bHistory of the Filipinization of the Religious Orders in the Philippines _cDe la Rosa, Rolando V. |
||
| 250 | _arev. ed. | ||
| 260 |
_aManila _bUST Publishing House _cc1996 |
||
| 300 |
_axxvii, 306 p. _c23 cm. |
||
| 521 | _aCollege students | ||
| 526 | _c1210L-1700L | ||
| 541 | _j1 | ||
| 562 | _e1 | ||
| 942 |
_2lcc _cBK _kM |
||
| 999 |
_c16488 _d16488 |
||